[Event "Politiken Cup 31st"]
[Site "Helsingor"]
[Date "2009.07.26"]
[Round "10"]
[White "Peschardt, Soren"]
[Black "Pedersen, Torben Rosholm"]
[Result "0-1"]
[WhiteElo "2102"]
[BlackElo "1987"]
[PlyCount "136"]
[EventDate "2009.07.18"]
[EventType "swiss"]
[EventRounds "10"]
[EventCountry "DEN"]
[SourceTitle "CBM 131 Extra"]
[Source "ChessBase"]
[SourceDate "2009.09.03"]
[SourceVersion "2"]
[SourceVersionDate "2009.09.16"]
[SourceQuality "1"]

1. d4 Nf6 2. g3 c5 3. d5 e6 4. c4 exd5 5. cxd5 d6 6. Bg2 g6 7. Nc3 Bg7 8. e4 0-0 9. Nf3 Bg4 10. h3 Bxf3 11. Qxf3 Re8 12. 0-0 b5 13. Nxb5 Nxe4 14. Qd3 a6 15. Na3 Nf6 16. Nc4 Qc7 17. Bf4 Bf8 18. Bd2 Nbd7 19. Ba5 Qb7 20. Bc3 Rab8 21. f4 Qc7 22. g4 Qd8 23. Rae1 Rxe1 24. Rxe1 h6 25. Qg3 Ne8 26. h4 Bg7 27. h5 Bxc3 28. bxc3 g5 29. fxg5 Qxg5 30. Nxd6 Nxd6 31. Qxd6 Qxg4 32. Qxh6 Ne5 33. Qe3 Rb2 34. Qe4 Rxg2+ 35. Qxg2 Nf3+ 36. Kf2 Qxg2+ 37. Kxg2 Nxe1+ 38. Kg3 Nd3 39. d6 Ne5 40. Kf4 Nd7 41. Ke4 Kg7 42. Kd5 Kh6 43. Kc6 Nf8 44. Kxc5 f5 45. Kd5 Kxh5 46. c4 f4 47. c5 f3 48. c6 f2 49. c7 f1Q 50. c8Q Qf3+ 51. Kd4 Qf2+ 52. Kc3 Qf6+ 53. Kc4 Qf1+ 54. Kd5 Qf3+ 55. Kd4 Qf2+ 56. Kc3 Qe3+ 57. Kb4 Qb6+ 58. Kc4 Qb5+ 59. Kc3 Nd7 60. Qc4 Qa5+ 61. Kc2 Ne5 62. Qe6 Qc5+ 63. Kb3 Qe3+ 64. Ka4 Qe4+ 65. Kb3 Qd3+ 66. Kb4 Nc6+ 67. Ka4 Qb5+ 68. Ka3 Qb4# 0-1